00773cam a22002174a 4500008004100000010001700041020002800058020001800086050002000104100002200124245010700146250001300253260003500266300003300301504005100334650003700385650001200422650005800434650003300492700003000525050203s2006 maua b 001 0 eng  a 2005041576 a0072972807 (alk. paper) a978007297280100aGV341 .W85 20061 aWuest, Deborah A.10aFoundations of physical education, exercise science, and sport /cDeborah A. Wuest, Charles A. Bucher. a15th ed. aBoston :bMcGraw-Hill,cc2006. axv, 583 p. :bill. ;c24 cm. aIncludes bibliographical references and index. 0aPhysical education and training. 0aSports. 0aPhysical education and trainingxVocational guidance. 0aSportsxVocational guidance.1 aBucher, Charles Augustus,